000 00337nam a22001457a 4500
003 OSt
005 20231202071445.0
008 231202b |||||||| |||| 00| 0 eng d
040 _cIIMT UNIVERSITY
100 _aPADOHAR, HANUMANPRASAD
245 _aKALYAN
260 _aGORAKHPUR
_bGEETA PRESS
_c1978
300 _a936
942 _2ddc
_c09
999 _c57746
_d57746